Normal view
MARC view
- تنظيم العمل-ظروف العمل
Entry Topical Term
001 - CONTROL NUMBER
- control field: 29121
003 - CONTROL NUMBER IDENTIFIER
- control field: JO-AjAnu
005 - DATE AND TIME OF LATEST TRANSACTION
- control field: 20230606074928.0
008 - FIXED-LENGTH DATA ELEMENTS
- fixed length control field: 230606|| aca||aabn | a|a d
040 ## - CATALOGING SOURCE
- Original cataloging agency: JO-AjAnu
- Transcribing agency: JO-AjAnu
150 ## - HEADING--TOPICAL TERM
- Topical term or geographic name entry element: تنظيم العمل-ظروف العمل
670 ## - SOURCE DATA FOUND
- Source citation: Work cat.: (JO-AjAnu)14948: اللوزي،موسى, author 29120, التنظيم واجراءات العمل